000 00950nam a22001937a 4500
999 _c62833
_d62833
003 Ge_BSU
005 20250306110621.0
008 250306s2000 ge ||||| |||| 00| 0 geo d
041 _ageo
080 _a618.1/2(035) ც-76
245 _aციფრები, ფორმულები და გამოთვლები მეან-გინეკოლოგიაში :
_b(ცნობარი) /
_c[შემდგ.: ზაზა ფულარიანი და სხვ.].
264 _aთბ. :
_bმთაწმინდელი,
_c 2000.
300 _a139 გვ. :
_b სურ. ;
_c10 სმ.
490 _aსაცნობარო სახელმძღვ. ექიმებისა და სტუდ.-თვის
504 _aბიბლიოგრ.: გვ. 137.
653 _aმეანობა-გინეკოლოგია
653 _aმედიცინა
942 _2udc
_cᲬᲘᲒᲜᲘ